[Event "OLNN 1819 SC Königsspringer HH - SK Ma"]
[Site "?"]
[Date "2019.02.03"]
[Round "6.4"]
[White "Wolter, Michael"]
[Black "Mueller, Jan-Hendrik"]
[Result "1/2-1/2"]
[WhiteElo "2153"]
[BlackElo "2124"]
[PlyCount "63"]
[EventDate "2019.??.??"]

1. d4 Nf6 2. Nf3 d5 3. g3 e6 4. Bg2 Be7 5. O-O O-O 6. c4 dxc4 7. Qa4 a6 8. Qxc4
b5 9. Qc2 Bb7 10. Bg5 Nbd7 11. Bxf6 Nxf6 12. Nbd2 Rc8 13. Nb3 Be4 14. Qc1 c5
15. dxc5 Qc7 16. Qg5 h6 17. Qe5 Bxc5 18. Rac1 Bxf3 19. Qxc7 Rxc7 20. Bxf3 Rfc8
21. e3 Kf8 22. Rfd1 Bb6 23. Rxc7 Rxc7 24. Rd8+ Ke7 25. Ra8 a5 26. Nxa5 Rc1+ 27.
Kg2 Rc2 28. Nc6+ Kd6 29. Nd4 Rxb2 30. Rb8 Bxd4 31. exd4 Rxa2 32. Rxb5 1/2-1/2

[Event "OLNN 1819 SC Königsspringer HH - SK Ma"]
[Site "?"]
[Date "2019.02.03"]
[Round "6.5"]
[White "Hohlbein, Michael"]
[Black "Harder, Clemens"]
[Result "1/2-1/2"]
[WhiteElo "2118"]
[BlackElo "2181"]
[PlyCount "55"]
[EventDate "2019.??.??"]

1. e4 e5 2. Bc4 Nf6 3. d4 exd4 4. Nf3 Nc6 5. e5 d5 6. Bb5 Ne4 7. Nxd4 Bd7 8.
Bxc6 bxc6 9. O-O Bc5 10. Be3 O-O 11. f3 Ng5 12. f4 Ne4 13. Nd2 Nxd2 14. Qxd2
Bb6 15. Nb3 f6 16. Nc5 fxe5 17. fxe5 Qe7 18. b4 Qxe5 19. Bd4 Bxc5 20. Bxc5 Rf5
21. Rae1 Qf6 22. Rxf5 Bxf5 23. Rf1 h5 24. c3 Qg6 25. Rf3 Re8 26. Re3 Rxe3 27.
Qxe3 Be4 28. Qf2 1/2-1/2

[Event "OLNN 1819 SC Königsspringer HH - SK Ma"]
[Site "?"]
[Date "2019.02.03"]
[Round "6.6"]
[White "Wagner, Friedrich"]
[Black "Diekmann, Jens"]
[Result "0-1"]
[WhiteElo "2140"]
[BlackElo "2034"]
[PlyCount "130"]
[EventDate "2019.??.??"]

1. c4 Nf6 2. g3 c5 3. Bg2 d5 4. cxd5 Nxd5 5. Nc3 Nc7 6. Qa4+ Qd7 7. Qxd7+ Nxd7
8. Nf3 e5 9. e3 Ne6 10. O-O g6 11. b3 Bg7 12. Bb2 O-O 13. Rfd1 Re8 14. Rac1 f5
15. d3 a6 16. Nd2 Rb8 17. Nc4 b6 18. Bd5 Nf6 19. Nxe5 Nxd5 20. Nxd5 Bb7 21.
Nxb6 Ng5 22. f4 Nf3+ 23. Kf2 Nxh2 24. Nbc4 Rbd8 25. Ba3 Rd5 26. Kg1 Ng4 27.
Nxg4 fxg4 28. Kf2 Rh5 29. e4 Bd4+ 30. Ne3 Rh2+ 31. Kg1 Re2 32. Bxc5 Bxe3+ 33.
Kf1 Rf2+ 34. Ke1 Bxc5 35. Rxc5 Rf3 36. Rc7 Bc8 37. Ke2 Rxg3 38. Rdc1 Be6 39.
Ra7 Rg2+ 40. Ke3 Rxa2 41. Rcc7 Rh2 42. f5 Bxf5 43. Kf4 Be6 44. d4 Rf2+ 45. Kg3
Rf7 46. d5 Rxc7 47. Rxc7 Rc8 48. Ra7 Rc3+ 49. Kf2 Bxd5 50. exd5 Rd3 51. Rxa6
Rxd5 52. Ra2 Rh5 53. Kg2 Rb5 54. Rb2 Kg7 55. b4 h5 56. Kg3 Kf6 57. Kh4 Rb6 58.
b5 Ke5 59. Rb3 Kd4 60. Rb1 Kc5 61. Kg5 Rxb5 62. Rc1+ Kd4+ 63. Kxg6 Ke4 64. Rf1
h4 65. Kh6 h3 0-1

[Event "OLNN 1819 SC Königsspringer HH - SK Ma"]
[Site "?"]
[Date "2019.02.03"]
[Round "6.7"]
[White "Peschke, Matthias"]
[Black "Lampe, Joerg"]
[Result "1/2-1/2"]
[WhiteElo "2001"]
[BlackElo "2112"]
[PlyCount "68"]
[EventDate "2019.??.??"]

1. c4 e6 2. g3 d5 3. Bg2 c5 4. Nf3 Nc6 5. O-O Nf6 6. cxd5 exd5 7. d4 Be7 8. Nc3
O-O 9. Bg5 c4 10. e3 Be6 11. Re1 h6 12. Bxf6 Bxf6 13. b3 Qa5 14. Qd2 Rfd8 15.
bxc4 dxc4 16. Reb1 Rab8 17. Rb5 Qc7 18. Rab1 a6 19. Rb6 Bf5 20. R1b2 Be7 21.
Nh4 Be6 22. Qc2 a5 23. d5 Nb4 24. R6xb4 axb4 25. dxe6 bxc3 26. exf7+ Kxf7 27.
Qf5+ Bf6 28. Bd5+ Ke8 29. Qh5+ Kf8 30. Ng6+ Ke8 31. Ne5+ Kf8 32. Ng6+ Ke8 33.
Ne5+ Kf8 34. Ng6+ Ke8 1/2-1/2

[Event "OLNN 1819 SC Königsspringer HH - SK Ma"]
[Site "?"]
[Date "2019.02.03"]
[Round "6.8"]
[White "Cremer, Jochen"]
[Black "Anderberg, Peter"]
[Result "1-0"]
[WhiteElo "2115"]
[BlackElo "2022"]
[PlyCount "59"]
[EventDate "2019.??.??"]

1. c4 Nf6 2. Nc3 e5 3. Nf3 Nc6 4. e3 Be7 5. d4 exd4 6. Nxd4 Nxd4 7. Qxd4 b6 8.
Be2 Bb7 9. Bf3 Bxf3 10. gxf3 Bb4 11. Rg1 Bxc3+ 12. Qxc3 O-O 13. b3 Nh5 14. Bb2
f6 15. O-O-O Kh8 16. Qd4 d6 17. Qh4 g6 18. f4 Qe7 19. f5 Qf7 20. fxg6 hxg6 21.
Rd5 Kh7 22. Qe4 f5 23. Qf3 Rae8 24. Rd4 Rg8 25. Rh4 Re6 26. Rg5 Rge8 27. Rhxh5+
gxh5 28. Rxf5 Qg8 29. Qxh5+ Rh6 30. Rf7+ 1-0

[Event "OLNN 1819 Schachfreunde HH - SG Turm Ki"]
[Site "?"]
[Date "2019.02.03"]
[Round "6.1"]
[White "Berg, Klaus"]
[Black "Sawatzki, Frank"]
[Result "1/2-1/2"]
[WhiteElo "2297"]
[BlackElo "2398"]
[PlyCount "31"]
[EventDate "2019.??.??"]

1. d4 d5 2. c4 c6 3. cxd5 cxd5 4. Bg5 h6 5. Bh4 Qb6 6. Nc3 e6 7. Qd2 Nc6 8. e3
Bd7 9. Bd3 Rc8 10. Nf3 Be7 11. Bxe7 Ngxe7 12. O-O O-O 13. Na4 Qb4 14. Nc5 Qxd2
15. Nxd2 Rc7 16. Rfc1 {(=)} 1/2-1/2

[Event "OLNN 1819 Schachfreunde HH - SG Turm Ki"]
[Site "?"]
[Date "2019.02.03"]
[Round "6.2"]
[White "Bokelbrink, Uwe"]
[Black "Michna, Marta"]
[Result "0-1"]
[WhiteElo "2300"]
[BlackElo "2336"]
[PlyCount "72"]
[EventDate "2019.??.??"]

1. e4 e6 2. b3 d5 3. Bb2 Nf6 4. e5 Nfd7 5. f4 c5 6. Qg4 Nc6 7. Nc3 a6 8. Nf3
Ne7 9. O-O-O b5 10. Kb1 g6 11. h4 h5 12. Qh3 Bb7 13. Ng5 Nb6 14. g4 Qd7 15. Bg2
Bh6 16. gxh5 Bxg5 17. fxg5 Rxh5 18. Ne2 Nf5 19. Qg4 d4 20. Nf4 Rh8 21. Nd3 Bxg2
22. Qxg2 c4 23. Nf4 O-O-O 24. h5 gxh5 25. Rxh5 Rxh5 26. Nxh5 c3 27. Bc1 d3 28.
Qe4 dxc2+ 29. Qxc2 b4 30. Qe4 Qb5 31. Nf4 Rd4 32. Qf3 Rxf4 33. Qxf4 Qd3+ 34.
Ka1 Nd4 35. dxc3 Nc2+ 36. Kb2 bxc3+ 0-1

[Event "OLNN 1819 Schachfreunde HH - SG Turm Ki"]
[Site "?"]
[Date "2019.02.03"]
[Round "6.3"]
[White "Boe, Mads"]
[Black "Hermesmann, Hans"]
[Result "1-0"]
[WhiteElo "2302"]
[BlackElo "2252"]
[PlyCount "99"]
[EventDate "2019.??.??"]

1. e4 g6 2. d4 Bg7 3. Nc3 d6 4. Be3 a6 5. a4 b6 6. Qd2 e6 7. f3 h6 8. Nh3 Ne7
9. Be2 Nd7 10. O-O Bb7 11. Rfd1 Nf6 12. Bf1 Qd7 13. Nf2 g5 14. a5 b5 15. b4 Ng6
16. Rac1 Rd8 17. h3 O-O 18. Ne2 Nh5 19. c4 f5 20. Qc2 f4 21. Bd2 bxc4 22. Qxc4
c6 23. Qd3 Qf7 24. Bc3 Rd7 25. Ba1 Ng3 26. Qb3 Nxf1 27. Kxf1 h5 28. e5 dxe5 29.
Ne4 Qf5 30. Nc5 Re7 31. dxe5 Bc8 32. Nd4 Qf7 33. Nxc6 Rc7 34. Ne4 g4 35. hxg4
hxg4 36. Nd6 Qd7 37. Nb5 Qf7 38. Nxc7 Qxc7 39. Qd3 Nh4 40. Qd6 Qf7 41. Ne7+ Kh8
42. Rxc8 gxf3 43. gxf3 Qh5 44. Ke2 Qxf3+ 45. Kd2 Rxc8 46. Nxc8 Nf5 47. Qd8+ Kh7
48. Qd3 Qg2+ 49. Kc1 Kh6 50. Nd6 1-0

[Event "OLNN 1819 Schachfreunde HH - SG Turm Ki"]
[Site "?"]
[Date "2019.02.03"]
[Round "6.4"]
[White "Ritscher, Jan-Paul"]
[Black "Junge, Ralph"]
[Result "1/2-1/2"]
[WhiteElo "2247"]
[BlackElo "2286"]
[PlyCount "73"]
[EventDate "2019.??.??"]

1. d4 g6 2. e4 d6 3. Nc3 Nf6 4. h3 c6 5. a4 Bg7 6. g3 O-O 7. Bg2 a5 8. Nge2 b6
9. Be3 Ba6 10. O-O d5 11. e5 Ne8 12. f4 f5 13. exf6 exf6 14. f5 Nd6 15. fxg6
hxg6 16. Re1 Re8 17. Nf4 g5 18. Nh5 Ra7 19. b3 Rae7 20. Qd2 Nf5 21. Bf2 Rxe1+
22. Rxe1 Rxe1+ 23. Qxe1 Qe7 24. Qd2 Nd7 25. g4 Nd6 26. Bg3 Bf8 27. Qf2 Qe6 28.
Bh2 Ne8 29. Ng3 Bb4 30. Nd1 Be1 31. Qe3 Kf7 32. Nf1 Bb4 33. c3 Be7 34. Ng3 Bd6
35. Nf5 Bxh2+ 36. Kxh2 Nd6 37. Qxe6+ 1/2-1/2

[Event "OLNN 1819 Schachfreunde HH - SG Turm Ki"]
[Site "?"]
[Date "2019.02.03"]
[Round "6.6"]
[White "Kull, Florian"]
[Black "Boehm, Thomas"]
[Result "1/2-1/2"]
[WhiteElo "2191"]
[BlackElo "2118"]
[PlyCount "105"]
[EventDate "2019.??.??"]

1. c4 e6 2. Nc3 d5 3. d4 c6 4. e3 Bd6 5. Bd3 f5 6. g4 Nf6 7. gxf5 exf5 8. Qc2
dxc4 9. Bxc4 Qe7 10. Nge2 Be6 11. Bd3 g6 12. Bd2 Nbd7 13. O-O-O Nb6 14. f3 Bc4
15. e4 Bxd3 16. Qxd3 O-O-O 17. Qc2 Bc7 18. h4 Qd7 19. Bg5 Rdf8 20. d5 h6 21.
Be3 fxe4 22. fxe4 Ng4 23. Bc5 Rf7 24. Rhf1 Rhh7 25. Qb3 Ne5 26. Kb1 Rxf1 27.
Rxf1 Rf7 28. Rd1 Qg4 29. dxc6 bxc6 30. a4 Rd7 31. a5 Nbc4 32. a6 Bb6 33. Bxb6
axb6 34. Ka2 Rxd1 35. Qxd1 Qd7 36. Qxd7+ Nxd7 37. Nd4 Nce5 38. b4 b5 39. Nce2
Kb8 40. Ng3 Ka7 41. h5 gxh5 42. Nxh5 Kxa6 43. Nf5 Nf7 44. Kb3 c5 45. bxc5 Nxc5+
46. Kb4 Nxe4 47. Nf4 Nf6 48. Ne6 Kb6 49. Nxh6 Nxh6 50. Nd4 Nd5+ 51. Kb3 Ng4 52.
Nxb5 Kxb5 53. Kc2 1/2-1/2

[Event "OLNN 1819 Schachfreunde HH - SG Turm Ki"]
[Site "?"]
[Date "2019.02.03"]
[Round "6.7"]
[White "Budzyn, Matthias"]
[Black "Kluenger, Marc"]
[Result "0-1"]
[WhiteElo "2114"]
[BlackElo "2192"]
[PlyCount "114"]
[EventDate "2019.??.??"]

1. e4 c5 2. c3 Nf6 3. e5 Nd5 4. Nf3 e6 5. d4 cxd4 6. cxd4 d6 7. Bc4 Nc6 8. O-O
Be7 9. Qe2 O-O 10. Nc3 dxe5 11. dxe5 Nxc3 12. bxc3 Qa5 13. Qe4 Qa4 14. Bg5 h6
15. Bxe7 Nxe7 16. Rab1 Rd8 17. Rb4 Qc6 18. Qh4 Qc7 19. Bb3 Ng6 20. Qg3 Qxc3 21.
Rc4 Qd3 22. Rc7 Nf8 23. Qf4 Rd7 24. Rc4 b5 25. Rc5 Bb7 26. Bc2 Qa3 27. Rxb5 Ba6
28. Rb3 Qxa2 29. Qe4 Rc8 30. Ne1 Bxf1 31. Kxf1 Rd2 32. Rf3 Rcxc2 33. Nxc2 Qxc2
34. Qxc2 Rxc2 35. Ra3 Rc7 36. f4 Ng6 37. g3 Ne7 38. Kg2 g5 39. Kf3 Kg7 40. fxg5
hxg5 41. h4 Kg6 42. Ra4 Nf5 43. hxg5 Kxg5 44. Rg4+ Kh6 45. Ra4 Rc3+ 46. Kf4
Rxg3 47. Rxa7 Kg6 48. Ra8 Rd3 49. Rg8+ Ng7 50. Ke4 Ra3 51. Kf4 Ra4+ 52. Kf3 Rb4
53. Ke3 Kh7 54. Ra8 Nf5+ 55. Kf3 Nh4+ 56. Kg3 Ng6 57. Ra5 Re4 0-1

[Event "OLNN 1819 Schachfreunde HH - SG Turm Ki"]
[Site "?"]
[Date "2019.02.03"]
[Round "6.8"]
[White "Dietz, Juergen"]
[Black "Luckow, Rolf"]
[Result "1/2-1/2"]
[WhiteElo "2163"]
[BlackElo "2205"]
[PlyCount "109"]
[EventDate "2019.??.??"]

1. f4 d5 2. Nf3 Nf6 3. g3 g6 4. Bg2 Bg7 5. d3 O-O 6. O-O c5 7. c3 Nc6 8. Na3
Rb8 9. Ne5 Nxe5 10. fxe5 Nd7 11. d4 e6 12. Be3 cxd4 13. cxd4 b5 14. Nc2 Nb6 15.
b3 Bb7 16. Rc1 Rc8 17. Qd2 a6 18. Bg5 f6 19. exf6 Bxf6 20. Rxf6 Rxf6 21. Ne1
Rxc1 22. Qxc1 Nd7 23. Nd3 Qb6 24. Bxf6 Nxf6 25. Qf4 Nd7 26. b4 Qc6 27. Bh3 Bc8
28. Kf2 Kg7 29. Qc1 Qxc1 30. Nxc1 Kf6 31. Nd3 Bb7 32. Bg4 g5 33. Ke3 Bc6 34. h4
h6 35. Bh5 Bb7 36. Be8 Nb6 37. Nf2 Nc4+ 38. Kd3 gxh4 39. gxh4 Nd6 40. Bh5 Nf5
41. Ng4+ Kg7 42. e3 Ng3 43. Be8 Ne4 44. h5 Nf6 45. Nxf6 Kxf6 46. Ke2 e5 47. Kf3
Bc8 48. Bc6 Ke6 49. Be8 Kd6 50. Kg3 Bf5 51. Bg6 Ke6 52. Be8 Bd3 53. a3 Kf6 54.
Bc6 Bc4 55. Be8 1/2-1/2

[Event "OLNN 1819 FC St. Pauli II - Preetzer TS"]
[Site "?"]
[Date "2019.02.03"]
[Round "6.1"]
[White "Ochsner, Bjorn Moller"]
[Black "Trisic, Aleksandar"]
[Result "1/2-1/2"]
[WhiteElo "2447"]
[BlackElo "2278"]
[PlyCount "136"]
[EventDate "2019.??.??"]

1. e4 c5 2. Nf3 e6 3. d4 cxd4 4. Nxd4 Nc6 5. Nc3 Qc7 6. Qd3 a6 7. Nxc6 bxc6 8.
Qg3 Qxg3 9. hxg3 d5 10. Bf4 Nf6 11. Na4 Bb7 12. exd5 Nxd5 13. Bd2 c5 14. O-O-O
Bc6 15. Nc3 Be7 16. f3 O-O 17. g4 h6 18. Bd3 Rfd8 19. a3 Rd7 20. Ne4 Nf6 21.
Ng3 Bd5 22. g5 hxg5 23. Bxg5 Bd6 24. Rh3 Kf8 25. Ne4 Bxe4 26. Bxe4 Rad8 27.
Rh8+ Ke7 28. Rxd8 Rxd8 29. c3 Rh8 30. b4 Rh5 31. Bxf6+ gxf6 32. Kc2 cxb4 33.
axb4 a5 34. Kb3 axb4 35. cxb4 Rb5 36. Rd4 f5 37. Bc6 Rb8 38. b5 e5 39. Ra4 Bc5
40. Ra6 Bb6 41. Kc4 Kd6 42. Ra1 Rh8 43. Rd1+ Bd4 44. f4 f6 45. Rf1 Rh4 46.
fxe5+ Bxe5+ 47. Kd3 Rd4+ 48. Ke3 f4+ 49. Kf3 Rd3+ 50. Ke4 Rd2 51. Kf5 Kc5 52.
Ke6 Rd6+ 53. Ke7 Rd2 54. Rh1 Kb6 55. Rh7 Ra2 56. Ke6 Rd2 57. Rb7+ Kc5 58. Ke7
Rd6 59. Ra7 Rd2 60. Ra6 Rd6 61. Ra2 Rd4 62. Bd7 Rb4 63. Ra8 Rb2 64. Bc6 Rd2 65.
Ke6 Rd6+ 66. Ke7 Rd2 67. Ke6 Rd6+ 68. Ke7 Rd2 1/2-1/2

[Event "OLNN 1819 FC St. Pauli II - Preetzer TS"]
[Site "?"]
[Date "2019.02.03"]
[Round "6.2"]
[White "Priebe, Jan"]
[Black "Pedersen, Steffen"]
[Result "1/2-1/2"]
[WhiteElo "2242"]
[BlackElo "2330"]
[PlyCount "62"]
[EventDate "2019.??.??"]

1. e4 e5 2. Nf3 Nc6 3. Bb5 a6 4. Ba4 Nf6 5. O-O Be7 6. Re1 b5 7. Bb3 d6 8. c3
O-O 9. h3 Nd7 10. d4 Bf6 11. d5 Ne7 12. a4 Bb7 13. Bc2 Qb8 14. Be3 c6 15. dxc6
Bxc6 16. axb5 axb5 17. Rxa8 Bxa8 18. Na3 Nc5 19. Bxc5 dxc5 20. Qe2 Bc6 21. b4
c4 22. Nb1 Ng6 23. g3 Qa7 24. Rd1 Bd8 25. h4 Re8 26. Nbd2 Bb6 27. Nf1 Nf8 28.
Rd6 Qc7 29. Rd2 Qa7 30. Rd6 Qc7 31. Rd2 Qa7 1/2-1/2

[Event "OLNN 1819 FC St. Pauli II - Preetzer TS"]
[Site "?"]
[Date "2019.02.03"]
[Round "6.3"]
[White "Schwarz, Frank"]
[Black "Breyther, Ruediger"]
[Result "1/2-1/2"]
[WhiteElo "2215"]
[BlackElo "2242"]
[PlyCount "112"]
[EventDate "2019.??.??"]

1. d4 Nf6 2. Nf3 e6 3. e3 b6 4. Nbd2 Bb7 5. Bd3 c5 6. O-O cxd4 7. exd4 Be7 8.
c3 O-O 9. Qe2 d6 10. Re1 a6 11. a4 Nbd7 12. Nf1 Re8 13. Ng3 Nf8 14. Bg5 Nd5 15.
Bd2 Ng6 16. Nh5 Nf6 17. Ng5 Qd7 18. Nxf6+ Bxf6 19. Qg4 Bxg5 20. Bxg5 f5 21. Qh3
b5 22. b3 Rac8 23. c4 bxc4 24. bxc4 Be4 25. Bf1 Qa7 26. f3 Bc2 27. Be3 f4 28.
Bf2 Qd7 29. a5 Bf5 30. Qh5 Ra8 31. g4 fxg3 32. hxg3 Rf8 33. Be3 e5 34. Ra2 exd4
35. Bxd4 Ne5 36. Bxe5 dxe5 37. Qg5 Rae8 38. Rd2 Qc7 39. Rd5 e4 40. f4 Qa7+ 41.
c5 h6 42. Qh5 Be6 43. Re5 Bf7 44. Bc4 Rxe5 45. Bxf7+ Rxf7 46. Qxe5 Rc7 47. Qd5+
Kh8 48. Kg2 Rc8 49. Re3 Qc7 50. c6 Rd8 51. Qxe4 Qxa5 52. Qe5 Qa2+ 53. Re2 Qc4
54. Qe6 Qxe6 55. Rxe6 a5 56. c7 Rc8 1/2-1/2

[Event "OLNN 1819 FC St. Pauli II - Preetzer TS"]
[Site "?"]
[Date "2019.02.03"]
[Round "6.4"]
[White "Perez De Miguel, Alvaro"]
[Black "Reinecker, Kai"]
[Result "0-1"]
[WhiteElo "2278"]
[BlackElo "2253"]
[PlyCount "56"]
[EventDate "2019.??.??"]

1. d4 Nf6 2. Nf3 e6 3. c4 b6 4. g3 Bb7 5. Bg2 Be7 6. O-O O-O 7. d5 exd5 8. Nh4
c6 9. cxd5 Nxd5 10. Nf5 Nf6 11. e4 d5 12. e5 Ne8 13. Nc3 Nd7 14. Re1 Nc5 15. b4
Ne6 16. b5 N8c7 17. Qg4 Kh8 18. Be3 Nxb5 19. Nxb5 cxb5 20. Rad1 g6 21. Nh6 Qd7
22. Bh3 Kg7 23. Nf5+ Kh8 24. Nh6 Kg7 25. f4 d4 26. Bxd4 Kxh6 27. f5 Nxd4 28.
Rxd4 Qxd4+ 0-1

[Event "OLNN 1819 FC St. Pauli II - Preetzer TS"]
[Site "?"]
[Date "2019.02.03"]
[Round "6.5"]
[White "Junge, Kai"]
[Black "Richter, Maik"]
[Result "1/2-1/2"]
[WhiteElo "2188"]
[BlackElo "2195"]
[PlyCount "69"]
[EventDate "2019.??.??"]

1. Nf3 Nf6 2. g3 g6 3. Bg2 Bg7 4. O-O O-O 5. d4 d6 6. c4 Nbd7 7. Qc2 c6 8. Rd1
Re8 9. h3 Qc7 10. e4 e5 11. dxe5 dxe5 12. Be3 b6 13. Nc3 Nf8 14. Rac1 Ne6 15.
b4 Bf8 16. Qb3 h6 17. a3 Kg7 18. Qb2 Kg8 19. Nd5 cxd5 20. cxd5 Qe7 21. dxe6
Qxe6 22. Nxe5 Bb7 23. Nd3 Bxe4 24. Nf4 Qe7 25. Bd4 Nh7 26. Nd5 Qb7 27. Bxe4
Rxe4 28. Qb3 Rc8 29. Rxc8 Qxc8 30. Bb2 Bg7 31. Qd3 Qe6 32. Bxg7 Kxg7 33. Qc3+
Qe5 34. Qxe5+ Rxe5 35. Nc3 1/2-1/2

[Event "OLNN 1819 FC St. Pauli II - Preetzer TS"]
[Site "?"]
[Date "2019.02.03"]
[Round "6.6"]
[White "Mitscherling, Andreas"]
[Black "Willsch, Matthias"]
[Result "1-0"]
[WhiteElo "2181"]
[BlackElo "2185"]
[PlyCount "127"]
[EventDate "2019.??.??"]

1. d4 d5 2. Bf4 Nf6 3. e3 g6 4. Nf3 Bg7 5. Be2 O-O 6. h3 c5 7. O-O Nc6 8. c3
Qb6 9. Qb3 Qxb3 10. axb3 Ne4 11. Rd1 cxd4 12. exd4 h6 13. Ne1 g5 14. Be3 f5 15.
f3 Ng3 16. Bb5 f4 17. Bf2 h5 18. Nd3 Bf5 19. Nc5 Nd8 20. Re1 Bf6 21. Nd7 Bxd7
22. Bxd7 Kf7 23. c4 dxc4 24. bxc4 e6 25. Nc3 Nf5 26. Nb5 Ke7 27. Bxe6 Nxe6 28.
d5 Rfc8 29. Nxa7 Rxc4 30. Nc6+ bxc6 31. Rxe6+ Kf7 32. Rxa8 cxd5 33. Re2 Rc1+
34. Re1 Rxe1+ 35. Bxe1 Bxb2 36. Bd2 Bd4+ 37. Kf1 Ke6 38. Ra6+ Ke5 39. Rg6 Ng3+
40. Ke1 Kf5 41. Rg8 h4 42. Bb4 Bf6 43. Bc5 Ke6 44. Kd2 Nf5 45. Kd3 Kf7 46. Ra8
Ke6 47. Ra6+ Kf7 48. Ra7+ Ke6 49. Rb7 Be5 50. Rb1 Bf6 51. Re1+ Be5 52. Bb6 Kd6
53. Bd8 Bd4 54. Bxg5 Be3 55. Ra1 Ke5 56. Ra6 d4 57. Ra8 Kd5 58. Rh8 Nd6 59.
Bxh4 Nf7 60. Bf6 Nxh8 61. Bxh8 Bf2 62. Bf6 Be3 63. h4 Bf2 64. h5 1-0

[Event "OLNN 1819 FC St. Pauli II - Preetzer TS"]
[Site "?"]
[Date "2019.02.03"]
[Round "6.7"]
[White "Schuette, Andreas"]
[Black "Schuetze, Michael"]
[Result "1/2-1/2"]
[WhiteElo "2157"]
[BlackElo "2185"]
[PlyCount "37"]
[EventDate "2019.??.??"]

1. d4 f5 2. Bg5 c6 3. c4 Qb6 4. Qd2 d6 5. e4 fxe4 6. Nc3 Nf6 7. f3 Nbd7 8. fxe4
e5 9. Nf3 Qc7 10. Be2 Be7 11. O-O O-O 12. Kh1 Re8 13. d5 Nc5 14. Bxf6 Bxf6 15.
Rad1 Rd8 16. b4 Na6 17. a3 c5 18. Nb5 Qe7 19. Rb1 1/2-1/2

[Event "OLNN 1819 FC St. Pauli II - Preetzer TS"]
[Site "?"]
[Date "2019.02.03"]
[Round "6.8"]
[White "Reuber, Artur"]
[Black "Kornrumpf, Joachim"]
[Result "0-1"]
[WhiteElo "2198"]
[BlackElo "2090"]
[PlyCount "52"]
[EventDate "2019.??.??"]

1. f4 c5 2. Nf3 e6 3. g3 b6 4. Bg2 Bb7 5. d3 d5 6. O-O Nf6 7. c3 Be7 8. Qe1 O-O
9. Na3 Re8 10. Nc2 Qc7 11. h3 Nbd7 12. g4 Bd6 13. Nh4 g5 14. fxg5 Bh2+ 15. Kh1
Bg3 16. Qd2 Nxg4 17. Nf3 Nge5 18. b3 Ng6 19. d4 e5 20. dxe5 Ndxe5 21. Ne3 d4
22. Nf5 Bf4 23. Qc2 d3 24. exd3 Nxf3 25. Qf2 Bxc1 26. Raxc1 Qh2# 0-1

[Event "OLNN 1819 SC Diogenes - SK Johanneum Ep"]
[Site "?"]
[Date "2019.02.03"]
[Round "6.1"]
[White "Ertan, Can"]
[Black "Hochgraefe, Markus"]
[Result "1/2-1/2"]
[WhiteElo "2421"]
[BlackElo "2416"]
[PlyCount "45"]
[EventDate "2019.??.??"]

1. Nf3 Nf6 2. d4 g6 3. c4 Bg7 4. e3 O-O 5. Be2 d6 6. Nc3 c6 7. O-O Nbd7 8. Qc2
e5 9. Rd1 Qe7 10. b4 a5 11. b5 c5 12. dxe5 dxe5 13. e4 Nb6 14. Bg5 Bg4 15. Nd5
Nbxd5 16. Rxd5 h6 17. Bxf6 Bxf6 18. Rad1 Be6 19. Rd6 Rfd8 20. Qd2 Qxd6 21. Qxd6
Rxd6 22. Rxd6 Kf8 23. h4 1/2-1/2

[Event "OLNN 1819 SC Diogenes - SK Johanneum Ep"]
[Site "?"]
[Date "2019.02.03"]
[Round "6.2"]
[White "Schulenburg, Fabian"]
[Black "Zart, Ruediger"]
[Result "1-0"]
[WhiteElo "2267"]
[BlackElo "2161"]
[PlyCount "131"]
[EventDate "2019.??.??"]

1. e4 c6 2. Nc3 d5 3. Nf3 Bg4 4. h3 Bxf3 5. Qxf3 Nf6 6. d3 e6 7. Be2 Nbd7 8.
O-O g6 9. d4 Bg7 10. e5 Ng8 11. Bd3 Ne7 12. Ne2 c5 13. c3 Nc6 14. Be3 O-O 15.
Qg3 Rc8 16. Rac1 cxd4 17. cxd4 Qb6 18. b3 Nb4 19. Bb1 Qa6 20. Rxc8 Rxc8 21. Rc1
Rxc1+ 22. Nxc1 Qc6 23. Bd2 Qb6 24. Qc3 Nc6 25. Ne2 f6 26. exf6 Bxf6 27. Be3 Qb4
28. Qxb4 Nxb4 29. Kf1 Kf7 30. Ke1 Nc6 31. Kd2 e5 32. dxe5 Bxe5 33. h4 Nf6 34.
f3 d4 35. Bf2 Nd5 36. a3 Nf4 37. Nxf4 Bxf4+ 38. Kd3 Bc1 39. a4 Bb2 40. Ke4 Ke6
41. Bd3 Kd6 42. g4 h6 43. f4 Ke6 44. Bb5 Ne7 45. Bxd4 Bxd4 46. Kxd4 h5 47. Be2
hxg4 48. Bxg4+ Kd6 49. Ke4 Nd5 50. f5 gxf5+ 51. Kxf5 Ne3+ 52. Kg5 Ke7 53. Bf3
b6 54. h5 Kf7 55. Be4 Nd1 56. h6 Kg8 57. Kf4 Nc3 58. Ke3 Na2 59. Kd4 Nb4 60.
Kc4 Na2 61. Bc2 a6 62. Bd3 b5+ 63. axb5 axb5+ 64. Kxb5 Nc1 65. Bc4+ Kh7 66. b4
1-0

[Event "OLNN 1819 SC Diogenes - SK Johanneum Ep"]
[Site "?"]
[Date "2019.02.03"]
[Round "6.4"]
[White "Korba, Roman"]
[Black "Behrhorst, Frank"]
[Result "1/2-1/2"]
[WhiteElo "2137"]
[BlackElo "2252"]
[PlyCount "34"]
[EventDate "2019.??.??"]

1. d4 d5 2. Bf4 Nf6 3. e3 c5 4. Nf3 Nc6 5. Nbd2 Qb6 6. dxc5 Qxc5 7. c4 Bf5 8.
a3 dxc4 9. Bxc4 e6 10. O-O a6 11. Qe2 Be7 12. Ba2 O-O 13. Rac1 Qb5 14. Nc4 Rfd8
15. Rfd1 h6 16. Bb1 Bxb1 17. Rxb1 Rac8 {(=)} 1/2-1/2

[Event "OLNN 1819 SC Diogenes - SK Johanneum Ep"]
[Site "?"]
[Date "2019.02.03"]
[Round "6.5"]
[White "von Gleich, Alexander"]
[Black "Laqua, Christian"]
[Result "1/2-1/2"]
[WhiteElo "2321"]
[BlackElo "2132"]
[PlyCount "148"]
[EventDate "2019.??.??"]

1. Nf3 d6 2. d4 g6 3. c4 Bg7 4. e4 Bg4 5. Be2 Bxf3 6. Bxf3 Nc6 7. Be3 e5 8. d5
Nd4 9. Bxd4 exd4 10. Na3 Ne7 11. O-O O-O 12. Nc2 c5 13. Rb1 a5 14. Ne1 Nc8 15.
Nd3 Re8 16. a3 Nb6 17. b4 cxb4 18. Qb3 Nd7 19. axb4 b6 20. bxa5 Nc5 21. Qc2
Nxd3 22. Qxd3 Rxa5 23. Qb3 Rc5 24. Rfc1 Bh6 25. Rc2 Bf8 26. Qd3 Bg7 27. g3 Qc7
28. Bg4 Ra8 29. Rb4 Ra1+ 30. Kg2 Rca5 31. Rcb2 Ra6 32. Be2 Qa7 33. Qc2 d3 34.
Qxd3 Bxb2 35. Rxb2 R6a2 36. Rb5 Re1 37. Bf3 Rc1 38. Bd1 Raa1 39. Bb3 h5 40. Qd4
Qd7 41. f3 Re1 42. Qf2 Rac1 43. e5 Rxe5 44. Bc2 Ree1 45. Bd3 Qa7 46. Qxb6 Rg1+
47. Kf2 Qe7 48. Be4 Qg5 49. Qd4 Rcf1+ 50. Ke2 Re1+ 51. Kf2 Ref1+ 52. Ke2 Qd8
53. c5 Re1+ 54. Kf2 Ref1+ 55. Ke2 dxc5 56. Qe5 Re1+ 57. Kd2 Kh7 58. Qxh5+ Kg7
59. Qe5+ f6 60. Rb7+ Kf8 61. Rb8 fxe5 62. Rxd8+ Ke7 63. Rg8 Rd1+ 64. Kc2 c4 65.
Rxg6 Rc1+ 66. Kb2 c3+ 67. Kb3 Rg2 68. d6+ Kf7 69. d7 Rb2+ 70. Kc4 Rb8 71. Rb6
Rd8 72. Rb1 Rxb1 73. Bxb1 Rxd7 74. Kxc3 Rd1 1/2-1/2

[Event "OLNN 1819 SC Diogenes - SK Johanneum Ep"]
[Site "?"]
[Date "2019.02.03"]
[Round "6.6"]
[White "Neumann, Michael"]
[Black "Keyser, Robin"]
[Result "1/2-1/2"]
[WhiteElo "2118"]
[BlackElo "2006"]
[PlyCount "35"]
[EventDate "2019.??.??"]

1. e4 g6 2. d4 Bg7 3. Nc3 d6 4. Bg5 a6 5. Qd2 b5 6. Nf3 Nd7 7. a4 b4 8. Nd5 a5
9. Bc4 c6 10. Ne3 Nb6 11. Bb3 Nf6 12. Bxf6 Bxf6 13. O-O O-O 14. Rfd1 Bg7 15. c3
bxc3 16. bxc3 d5 17. e5 Bh6 18. Qa2 1/2-1/2

[Event "OLNN 1819 SC Diogenes - SK Johanneum Ep"]
[Site "?"]
[Date "2019.02.03"]
[Round "6.7"]
[White "Schueler, Hendrik"]
[Black "Kilic, Oguz"]
[Result "1/2-1/2"]
[WhiteElo "2107"]
[BlackElo "2020"]
[PlyCount "37"]
[EventDate "2019.??.??"]

1. d4 g6 2. e4 Bg7 3. Nf3 d6 4. Bc4 Nf6 5. Qe2 O-O 6. e5 dxe5 7. dxe5 Nd5 8. h3
Nb6 9. Bb3 Nc6 10. O-O Nd4 11. Nxd4 Qxd4 12. Re1 c5 13. Nd2 e6 14. Nf3 Qd8 15.
Qe4 Qc7 16. c4 Bd7 17. Qh4 Bc6 18. Nh2 h5 19. f4 1/2-1/2

[Event "OLNN 1819 SC Diogenes - SK Johanneum Ep"]
[Site "?"]
[Date "2019.02.03"]
[Round "6.8"]
[White "Apitzsch, Leon Fabian"]
[Black "Ahmels, Volker"]
[Result "0-1"]
[WhiteElo "1951"]
[BlackElo "2175"]
[PlyCount "70"]
[EventDate "2019.??.??"]

1. e4 e5 2. Nf3 Nf6 3. Nxe5 d6 4. Nf3 Nxe4 5. Nc3 Nf6 6. d4 Be7 7. Bd3 O-O 8.
O-O Bg4 9. Re1 Nc6 10. d5 Nd4 11. Bxh7+ Nxh7 12. Qxd4 Bxf3 13. gxf3 Bf6 14. Qg4
Bxc3 15. bxc3 Qf6 16. Be3 Qg6 17. Rab1 b6 18. h3 Nf6 19. Qxg6 fxg6 20. c4 Nd7
21. f4 Rae8 22. f3 g5 23. Bd4 Rxe1+ 24. Rxe1 Rxf4 25. Re4 Rxf3 26. Re8+ Rf8 27.
Re7 Rf7 28. Re6 Kh7 29. Kg2 Nf8 30. Re4 Ng6 31. Be3 Rf5 32. Rg4 Nh4+ 33. Kh1
Rf3 34. Rxg5 Rxh3+ 35. Kg1 Nf3+ 0-1